00991cam a2200277 a 450000100090000000300040000900500170001300800410003001000170007102000400008804000180012804200090014605000250015510000240018024501630020426000400036730000290040752100070043652600080044365000320045165000220048365000210050565000220052685600900054885600750063813079587OSt20140310184445.0030203s2003 nyua j 000 1 eng  a 2003001875 a0439376092 (Hardcover : alk. paper) aDLCcDLCdDLC alcac00aPZ 7b.P63123p1 20031 aPilkey, Dav,d1966-10aCaptain Underpants and the big, bad battle of the Bionic Booger Boy, part 1 :bthe night of the nasty nostril nuggets : the sixth epic novel /cby Dav Pilkey. aNew York :bBlue Sky Press,cc2003. a173 p. :bill. ;c22 cm. aG5 c710 1aSchool principalsvFiction. 1aSchoolsvFiction. 1aHeroesvFiction. 1aHumorous stories.423Publisher descriptionuhttp://www.loc.gov/catdir/description/schol051/2003001875.html413Table of contentsuhttp://www.loc.gov/catdir/toc/fy045/2003001875.html